Avengers: Infinity War Characters by Screen Time - Statistics

General Stats
  • This quiz has been taken 927 times
  • The average score is 23 of 34
Answer Stats
Minutes Character % Correct
18 Iron Man
100%
7 Captain America
99%
29 Thanos
97%
14 Thor
94%
9 Hulk
92%
7 Spider-Man
92%
5 Black Widow
90%
19 Gamora
89%
10 Star-Lord
89%
3 Black Panther
87%
12 Dr. Strange
87%
3 Groot
85%
6 Rocket
85%
10 Vision
83%
9 Scarlet Witch
81%
5 Drax
80%
3 Nebula
75%
3 Loki
73%
2 Bucky Barnes
71%
5 Mantis
71%
2 Falcon
70%
1 Shuri
63%
3 War Machine
61%
3 Okoye
55%
3 Wong
55%
4 Ebony Maw
49%
1 Nick Fury
47%
1 Pepper Potts
47%
4 Proxima Midnight
41%
1 M'Baku
35%
3 Corvus Glaive
29%
1 Red Skull
22%
3 Eitri
18%
1 Thaddeus Ross
17%
No matching quizzes found
Score Distribution
Percent of People with Each Score
Percentile by Number Answered
Your Score History
You have not taken this quiz